|
|
|
|
| LEADER |
01355nam a2200337 a 4500 |
| 001 |
41771 |
| 003 |
BD-DhAAL |
| 005 |
20231001124301.0 |
| 008 |
230925t2005 cau b 001 0 eng |
| 010 |
|
|
|a 2004106511
|
| 020 |
|
|
|a 0761948503
|
| 020 |
|
|
|a 0761948511 (pbk)
|
| 035 |
|
|
|a (DLC) 2004106511
|
| 040 |
|
|
|a DLC
|c DLC
|d DLC
|d BD-DhAAL
|
| 043 |
|
|
|a e-uk---
|
| 050 |
0 |
0 |
|a LC4706.G7
|b P67 2005
|
| 082 |
0 |
0 |
|a 371.90941
|2 22
|
| 100 |
1 |
|
|a Porter, Jill.
|9 55584
|
| 245 |
1 |
0 |
|a Researching learning difficulties :
|b a guide for practitioners /
|c Jill Porter and Penny Lacey.
|
| 260 |
|
|
|a London :
|b P.C.P. ;
|a Thousand Oaks, CA :
|b SAGE Publications,
|c 2005.
|
| 300 |
|
|
|a xv, 189 pages ;
|c 25 cm.
|
| 504 |
|
|
|a Includes bibliographical references (p. 159-179) and index.
|
| 526 |
|
|
|a BIED
|
| 541 |
|
|
|a Complimentary copy from BIED
|e 41771
|
| 650 |
|
0 |
|a Learning disabled children
|x Research
|z Great Britain.
|9 55585
|
| 650 |
|
0 |
|a Learning disabled children
|x Education
|x Research
|z Great Britain.
|9 55586
|
| 700 |
1 |
|
|a Lacey, Penny.
|9 55587
|
| 852 |
|
|
|a Ayesha Abed Library
|b BIED Collection
|
| 942 |
|
|
|2 ddc
|c BK
|
| 999 |
|
|
|c 46169
|d 46169
|
| 952 |
|
|
|0 0
|1 0
|2 ddc
|4 0
|6 371_909410000000000_POR
|7 0
|9 74453
|a BRACUL
|b BRACUL
|c GEN
|d 2023-09-25
|e Complimentary copy from BIED
|l 0
|o 371.90941 POR
|p 3010041771
|r 2023-09-25
|t 1
|w 2023-09-25
|y BK
|x Transferred from BIED to General Stacks
|